000
00218 a2200109 4500
001
122284
040
_c
Escola Canadense de Niteroi
090
_a
C7
100
_a
Venezia, Mike
245
1
0
_a
Claude Monet
942
_c
BK
999
_c
122284
_d
122284